Obsessed with the Doctoral Theses Supervision and Support during the Dissertation Process /

After having supervised the 30th doctoral thesis at the University of Lapland, Finland, Professor Kaarina Määttä invited the doctoral graduates and their circle of acquaintances to talk about their experiences of the process of writing a doctoral thesis and their opinions on good supervision and sup...

Full description

Bibliographic Details
Corporate Author: SpringerLink (Online service)
Other Authors: Määttä, Kaarina (Editor)
Format: Electronic eBook
Language:English
Published: Rotterdam : SensePublishers, 2011.
Subjects:
Online Access:Full Text via HEAL-Link
LEADER 02229nam a22003735i 4500
001 978-94-6091-678-6
003 DE-He213
005 20151204153153.0
007 cr nn 008mamaa
008 120128s2011 ne | s |||| 0|eng d
020 |a 9789460916786  |9 978-94-6091-678-6 
024 7 |a 10.1007/978-94-6091-678-6  |2 doi 
040 |d GrThAP 
050 4 |a L1-991 
072 7 |a JN  |2 bicssc 
072 7 |a EDU000000  |2 bisacsh 
082 0 4 |a 370  |2 23 
245 1 0 |a Obsessed with the Doctoral Theses  |h [electronic resource] :  |b Supervision and Support during the Dissertation Process /  |c edited by Kaarina Määttä. 
264 1 |a Rotterdam :  |b SensePublishers,  |c 2011. 
300 |a XI, 171 p.  |b online resource. 
336 |a text  |b txt  |2 rdacontent 
337 |a computer  |b c  |2 rdamedia 
338 |a online resource  |b cr  |2 rdacarrier 
347 |a text file  |b PDF  |2 rda 
520 |a After having supervised the 30th doctoral thesis at the University of Lapland, Finland, Professor Kaarina Määttä invited the doctoral graduates and their circle of acquaintances to talk about their experiences of the process of writing a doctoral thesis and their opinions on good supervision and support. What did the dissertation process give and demand? Those who can answer this question are the ones who have defended their doctoral theses as well as the candidates’ spouses and professionals in the scientific community. This book introduces explicitly all the phases of graduating as a doctor, reveals the personal matters concerning doctoral theses, and concretizes the pedagogy of supervising doctoral theses. This book is aimed at doctoral students and their professors as well as everyone who is somehow connected to the dissertation process. The aim of this anthology is to support prospective doctoral students and their supervisors in their dissertation processes. 
650 0 |a Education. 
650 1 4 |a Education. 
650 2 4 |a Education, general. 
700 1 |a Määttä, Kaarina.  |e editor. 
710 2 |a SpringerLink (Online service) 
773 0 |t Springer eBooks 
856 4 0 |u http://dx.doi.org/10.1007/978-94-6091-678-6  |z Full Text via HEAL-Link 
912 |a ZDB-2-SHU 
950 |a Humanities, Social Sciences and Law (Springer-11648)